• 首页
  • 本馆介绍
  • 公告通知
  • 最新文献
  • 馆藏检索
  • 电子资源
  • 读者导购
  • 参考咨询
  • 我的图书馆
  • 登录
  • 详细信息显示
  • 放入我的书架
  • 预约/预借图书
  • 作者相关作品
  • 分类相关作品
  • 丛书相关作品
  • 出版社相关作品

书目信息

  • 表格格式
  • 工作单格式
  • 卡片格式
题名:
孩子怎样读名校
    
 
作者: 唐盛昌 编著
分册:  
出版信息: 上海   上海教育出版社  2011.8
页数: 421页
开本: 23cm
丛书名:
单 册:
中图分类: G635.5
科图分类:
主题词: 中学生--人才成长 , 中学生 , 人才成长
电子资源:
ISBN: 978-7-5444-3682-3
000 01081nam0 2200265 45
001 1355742202
005 20130515150746.34
010    @a978-7-5444-3682-3@dCNY58.00
100    @a20130108d2011 em y0chiy50 ea
101 0  @achi
102    @aCN@b310000
105    @ay z 000yy
106    @ar
200 1  @a孩子怎样读名校@AHai Zi Zen Yang Dou Ming Xiao@e百名资优生成长故事与评述@EBai Ming Zi You Sheng Cheng Chang Gu Shi Yu Ping Shu@einterview about growth and development@f唐盛昌编著@FTang Sheng Chang Bian Zhu
210    @a上海@c上海教育出版社@d2011.8
215    @a421页@d23cm
330    @a本书将孩子的成长与人才的创新及早期培育紧密结合起来,选取上海中学具有时代特点的2011届百余名各有特点的资优生,通过访谈真实地记录他们充满个性的成长故事,并加以分析与点评。
517 1  @a百名资优生成长故事与评述@ABai Ming Zi You Sheng Cheng Chang Gu Shi Yu Ping Shu
606 0  @a中学生@x人才成长
606 0  @a中学生
606 0  @a人才成长
690    @aG635.5@v5
701  0 @a唐盛昌@ATang Sheng Chang@4编著
801    @aCN@bTANGWEI@c20130112
905    @b0832289-93@dG635.5@e1113@f5
    
    孩子怎样读名校:百名资优生成长故事与评述:interview about growth and development/唐盛昌编著.-上海:上海教育出版社,2011.8
    421页;23cm
    
    
    ISBN 978-7-5444-3682-3:CNY58.00
    本书将孩子的成长与人才的创新及早期培育紧密结合起来,选取上海中学具有时代特点的2011届百余名各有特点的资优生,通过访谈真实地记录他们充满个性的成长故事,并加以分析与点评。
●
相关链接 在E读中查询图书 在五车中查询图书 在当当中查询图书 在豆瓣中查询图书


正题名:孩子怎样读名校     索取号:G635.5/1113         预约/预借

序号 登录号 条形码 馆藏地/架位号 状态 备注
1 0832289   208322894   第一样本阅览室/ [索取号:G635.5/1113] 在馆    
2 0832290   208322901   教育系资料室/ [索取号:G635.5/1113] 在馆    
3 0832291   208322910   第四借阅区/ [索取号:G635.5/1113] 在馆    
4 0832292   208322929   第四借阅区/ [索取号:G635.5/1113] 在馆    
5 0832293   208322938   教育系资料室/ [索取号:G635.5/1113] 在馆    
唐山师范学院图书馆 欢迎您!
大连网信软件有限公司© 版权所有